000 01862cam a22003131 4500
001 83698
003 BD-RjUL
005 20240509103743.0
008 240510s1948 ii 000 0 urd
035 _a(BD-RjUL)83698
040 _aDLC
_cCarP
_dDLC
_beng
041 1 _aurd
_burd
082 _223
_a891.556
_bMAR 1948
100 0 _aMaḥmūd Gāwān̲,محمود گاواں،‏
_d1411?-1481.
_912919
245 1 0 _aرىاض الانشاء ;; Riyāz̤ al-inshāʼ /
_cاز عماد الدىن محمود گاواىالىملقب به صدر جهان ؛ به تصحىح و تحشى چاند بن حسىن ؛ باهتمام غلام ىزدانى ;; az Khvājah ʻImād al-Dīn Maḥmūd Gāwān, al-mulaqqab bih Ṣadr Jahān ; bih taṣḥīḥ va taḥashshī-i, Shaykh Chānd ibn Ḥusayn ; bi-ihtimām-i Ghulām Yazdānī.
246 3 0 _aRiyāḍ al-inshāʼرىاض الانشاء
260 _a[Ḥaydarābād Dakkan :‏[حيدراباد دکن :‏ :
_bMajlis-i Makhṭūṭāt-i Fārsīyah],‏مجلس مخطوطات فارسيه]،‏ ,
_c1948.
300 _a88, 426 p. ;
_c26 cm.
490 1 _a‏سلسله مطبوعات مجلس مخطوطات فارسيه ؛‏ ;; Silsilah-i maṭbūʻāt-i Majlis-i Makhṭūṭāt-i Fārsīyah ;
_v‏کتاب نشان 4 ;; kitāb-i nishān-i 4
650 0 _aEducation of princes.
650 0 _aLetter writing, Persian
_vEarly works to 1800.
_912920
650 0 _aPersian language
_xRhetoric
_vEarly works to 1800.
_912921
650 0 _aIndia
_xHistory
_vSources.
_912922
700 1 _a‏حسين، چاند. ;; Ḥusayn, Chānd.
_912923
700 1 _a‏يزدانى، غلام،‏ ;;Yazdani, Ghulam,
_d1885-1962.
_912924
830 0 _aSilsilah-i makhṭūṭāt-i Fārisīyah ; kitāb-i nishān-i 4.
_912925
942 _2ddc
_cBK
999 _c83698
_d83698